书目信息 |
| 题名: |
琴史
|
|
| 作者: | 朱长文, 著 ;王麓一 编著 | |
| 分册: | ||
| 出版信息: | 北京 中国纺织出版社有限公司 2019.11 |
|
| 页数: | 311页, [2] 页图版 | |
| 开本: | 23cm | |
| 丛书名: | 雅玩集 | |
| 单 册: | ||
| 中图分类: | J632.31 | |
| 科图分类: | ||
| 主题词: | 古琴--gu qin--音乐史--中国 | |
| 电子资源: | ||
| ISBN: | 978-7-5180-6568-4 | |
| 000 | 00910nam0 2200265 450 | |
| 001 | 2347632146 | |
| 005 | 20231124131405.00 | |
| 010 | @a978-7-5180-6568-4@dCNY58.00 | |
| 100 | @a20191203d2019 em y0chiy50 ea | |
| 101 | 0 | @achi |
| 102 | @aCN@b110000 | |
| 105 | @aaf z 000yy | |
| 106 | @ar | |
| 200 | 1 | @a琴史@Aqin shi@f(宋) 朱长文著@g王麓一编著 |
| 210 | @a北京@c中国纺织出版社有限公司@d2019.11 | |
| 215 | @a311页, [2] 页图版@c图@d23cm | |
| 225 | 2 | @a雅玩集 |
| 330 | @a《琴史》是我国历史上一部记录琴史资料和反映“琴道”发展历史的专著。全书共六卷, 前五卷按时代顺序收录先秦到宋代共一百多位琴人的事迹以及对历代琴家的评述 ; 第六卷则为琴制和琴艺的专题论述。 | |
| 410 | 0 | @12001 @a雅玩集 |
| 606 | 0 | @a古琴@Agu qin@x音乐史@y中国 |
| 690 | @aJ632.31@v5 | |
| 701 | 0 | @a朱长文,@Azhu chang wen@f宋代@4著 |
| 702 | 0 | @a王麓一@Awang lu yi@4编著 |
| 801 | @aCN@b山东中教@c20231121 | |
| 905 | @aBZT@dJ632.31@e3 | |
| 琴史/(宋) 朱长文著/王麓一编著.-北京:中国纺织出版社有限公司,2019.11 |
| 311页, [2] 页图版:图;23cm.-(雅玩集) |
| ISBN 978-7-5180-6568-4:CNY58.00 |
| 《琴史》是我国历史上一部记录琴史资料和反映“琴道”发展历史的专著。全书共六卷, 前五卷按时代顺序收录先秦到宋代共一百多位琴人的事迹以及对历代琴家的评述 ; 第六卷则为琴制和琴艺的专题论述。 |
| ● |
| 相关链接 |
|
|
|
正题名:琴史
索取号:J632.31/3
 
预约/预借
| 序号 | 登录号 | 条形码 | 馆藏地/架位号 | 状态 | 备注 |
| 1 | 2001043523 | 2001043523 | 中教第一批/山东中教(第一批)/646/ [索取号:J632.31/3] | 在馆 | |
| 2 | 2001043524 | 2001043524 | 中教第一批/山东中教(第一批)/646/ [索取号:J632.31/3] | 在馆 | |
| 3 | 2001043525 | 2001043525 | 中教第一批/山东中教(第一批)/646/ [索取号:J632.31/3] | 在馆 | |
| 4 | 2001043526 | 2001043526 | 中教第一批/山东中教(第一批)/646/ [索取号:J632.31/3] | 在馆 | |
| 5 | 2001043527 | 2001043527 | 中教第一批/山东中教(第一批)/646/ [索取号:J632.31/3] | 在馆 | |
| 6 | 2001043528 | 2001043528 | 中教第一批/山东中教(第一批)/646/ [索取号:J632.31/3] | 在馆 |